<?xml version="1.0" encoding="UTF-8"?>
<collection xmlns="http://www.loc.gov/MARC21/slim">
 <record>
  <leader>03143nam a22003617a 4500</leader>
  <controlfield tag="001">NCT_135853</controlfield>
  <controlfield tag="008">220613b        xxu||||| |||| 00| 0 vie d</controlfield>
  <datafield tag="999" ind1=" " ind2=" ">
   <subfield code="c">7015</subfield>
   <subfield code="d">7015</subfield>
  </datafield>
  <datafield tag="020" ind1=" " ind2=" ">
   <subfield code="a">9786046643029</subfield>
   <subfield code="c">330000</subfield>
  </datafield>
  <datafield tag="082" ind1="0" ind2="4">
   <subfield code="2">23rd ed.</subfield>
   <subfield code="a">613.2</subfield>
   <subfield code="b">Ph300</subfield>
  </datafield>
  <datafield tag="100" ind1="1" ind2=" ">
   <subfield code="a">Đào Thị Yến Phi </subfield>
   <subfield code="e">Chủ biên</subfield>
  </datafield>
  <datafield tag="245" ind1="1" ind2="0">
   <subfield code="a">Dinh dưỡng học</subfield>
   <subfield code="c">Đào Thị Yến Phi (Chủ biên) ; Đoàn Thị Ánh Tuyết, Nguyễn Thị Phương Anh, Đoàn Thị Kim Thoa,... (biên soạn)</subfield>
  </datafield>
  <datafield tag="250" ind1=" " ind2=" ">
   <subfield code="a">Tái bản lần thứ 4 - có chỉnh sửa và bổ sung</subfield>
  </datafield>
  <datafield tag="260" ind1=" " ind2=" ">
   <subfield code="a">Hồ Chí Minh</subfield>
   <subfield code="b">Y học</subfield>
   <subfield code="c">2020</subfield>
  </datafield>
  <datafield tag="300" ind1=" " ind2=" ">
   <subfield code="a">541 tr.</subfield>
   <subfield code="b">Minh họa</subfield>
   <subfield code="c">28cm</subfield>
  </datafield>
  <datafield tag="500" ind1=" " ind2=" ">
   <subfield code="a">ĐTTS ghi: Trường Đại học Y khoa Phạm Ngọc Thạch</subfield>
  </datafield>
  <datafield tag="520" ind1="3" ind2=" ">
   <subfield code="a">Quyển sách đề cập đến nhiều nội dung về dinh dưỡng như dinh dưỡng cơ bản, trong đó có đại cương về dinh dưỡng học, chất dinh dưỡng đa lượng, chất dinh dưỡng vi lượng,... và còn có cả một số chủ đề về dinh dưỡng cộng đồng như đánh giá tình trạng dinh dưỡng, ngộ độc thực phẩm, truyền thông giáo dục về dinh dưỡng,....</subfield>
  </datafield>
  <datafield tag="653" ind1=" " ind2=" ">
   <subfield code="a">Y đa khoa</subfield>
  </datafield>
  <datafield tag="700" ind1="1" ind2=" ">
   <subfield code="a">Đoàn Thị Ánh Tuyết</subfield>
   <subfield code="e">Biên soạn</subfield>
  </datafield>
  <datafield tag="700" ind1="1" ind2=" ">
   <subfield code="a">Nguyễn Thị Phương Anh</subfield>
   <subfield code="e">Biên soạn</subfield>
  </datafield>
  <datafield tag="700" ind1="1" ind2=" ">
   <subfield code="a">Đoàn Thị Kim Thoa</subfield>
   <subfield code="e">Biên soạn</subfield>
  </datafield>
  <datafield tag="942" ind1=" " ind2=" ">
   <subfield code="2">ddc</subfield>
   <subfield code="c">BK</subfield>
  </datafield>
  <datafield tag="952" ind1=" " ind2=" ">
   <subfield code="0">0</subfield>
   <subfield code="1">0</subfield>
   <subfield code="2">ddc</subfield>
   <subfield code="4">0</subfield>
   <subfield code="6">613_200000000000000_PH300</subfield>
   <subfield code="7">0</subfield>
   <subfield code="9">24966</subfield>
   <subfield code="a">000001</subfield>
   <subfield code="b">000001</subfield>
   <subfield code="d">2022-06-13</subfield>
   <subfield code="o">613.2 Ph300</subfield>
   <subfield code="p">MD.19654</subfield>
   <subfield code="r">2022-06-13</subfield>
   <subfield code="v">330000.00</subfield>
   <subfield code="w">2022-06-13</subfield>
   <subfield code="y">BK</subfield>
  </datafield>
  <datafield tag="952" ind1=" " ind2=" ">
   <subfield code="0">0</subfield>
   <subfield code="1">0</subfield>
   <subfield code="2">ddc</subfield>
   <subfield code="4">0</subfield>
   <subfield code="6">613_200000000000000_PH300</subfield>
   <subfield code="7">0</subfield>
   <subfield code="9">24967</subfield>
   <subfield code="a">000001</subfield>
   <subfield code="b">000001</subfield>
   <subfield code="d">2022-06-13</subfield>
   <subfield code="o">613.2 Ph300</subfield>
   <subfield code="p">MD.19655</subfield>
   <subfield code="r">2022-06-13</subfield>
   <subfield code="v">330000.00</subfield>
   <subfield code="w">2022-06-13</subfield>
   <subfield code="y">BK</subfield>
  </datafield>
  <datafield tag="952" ind1=" " ind2=" ">
   <subfield code="0">0</subfield>
   <subfield code="1">0</subfield>
   <subfield code="2">ddc</subfield>
   <subfield code="4">0</subfield>
   <subfield code="6">613_200000000000000_PH300</subfield>
   <subfield code="7">0</subfield>
   <subfield code="9">24968</subfield>
   <subfield code="a">000001</subfield>
   <subfield code="b">000001</subfield>
   <subfield code="d">2022-06-13</subfield>
   <subfield code="o">613.2 Ph300</subfield>
   <subfield code="p">MD.19656</subfield>
   <subfield code="r">2022-06-13</subfield>
   <subfield code="v">330000.00</subfield>
   <subfield code="w">2022-06-13</subfield>
   <subfield code="y">BK</subfield>
  </datafield>
  <datafield tag="952" ind1=" " ind2=" ">
   <subfield code="0">0</subfield>
   <subfield code="1">0</subfield>
   <subfield code="2">ddc</subfield>
   <subfield code="4">0</subfield>
   <subfield code="6">613_200000000000000_PH300</subfield>
   <subfield code="7">0</subfield>
   <subfield code="9">24969</subfield>
   <subfield code="a">000001</subfield>
   <subfield code="b">000001</subfield>
   <subfield code="d">2022-06-13</subfield>
   <subfield code="o">613.2 Ph300</subfield>
   <subfield code="p">MD.19657</subfield>
   <subfield code="r">2022-06-13</subfield>
   <subfield code="v">330000.00</subfield>
   <subfield code="w">2022-06-13</subfield>
   <subfield code="y">BK</subfield>
  </datafield>
  <datafield tag="952" ind1=" " ind2=" ">
   <subfield code="0">0</subfield>
   <subfield code="1">0</subfield>
   <subfield code="2">ddc</subfield>
   <subfield code="4">0</subfield>
   <subfield code="6">613_200000000000000_PH300</subfield>
   <subfield code="7">0</subfield>
   <subfield code="9">24970</subfield>
   <subfield code="a">000001</subfield>
   <subfield code="b">000001</subfield>
   <subfield code="d">2022-06-13</subfield>
   <subfield code="o">613.2 Ph300</subfield>
   <subfield code="p">MD.19658</subfield>
   <subfield code="r">2022-06-13</subfield>
   <subfield code="v">330000.00</subfield>
   <subfield code="w">2022-06-13</subfield>
   <subfield code="y">BK</subfield>
  </datafield>
  <datafield tag="952" ind1=" " ind2=" ">
   <subfield code="0">0</subfield>
   <subfield code="1">0</subfield>
   <subfield code="2">ddc</subfield>
   <subfield code="4">0</subfield>
   <subfield code="6">613_200000000000000_PH300</subfield>
   <subfield code="7">0</subfield>
   <subfield code="9">26821</subfield>
   <subfield code="a">000001</subfield>
   <subfield code="b">000001</subfield>
   <subfield code="d">2023-03-22</subfield>
   <subfield code="o">613.2 Ph300</subfield>
   <subfield code="p">MD.21125</subfield>
   <subfield code="r">2023-03-22</subfield>
   <subfield code="v">270000.00</subfield>
   <subfield code="w">2023-03-22</subfield>
   <subfield code="y">BK</subfield>
  </datafield>
  <datafield tag="952" ind1=" " ind2=" ">
   <subfield code="0">0</subfield>
   <subfield code="1">0</subfield>
   <subfield code="2">ddc</subfield>
   <subfield code="4">0</subfield>
   <subfield code="6">613_200000000000000_PH300</subfield>
   <subfield code="7">0</subfield>
   <subfield code="9">26822</subfield>
   <subfield code="a">000001</subfield>
   <subfield code="b">000001</subfield>
   <subfield code="d">2023-03-22</subfield>
   <subfield code="o">613.2 Ph300</subfield>
   <subfield code="p">MD.21126</subfield>
   <subfield code="r">2023-03-22</subfield>
   <subfield code="v">270000.00</subfield>
   <subfield code="w">2023-03-22</subfield>
   <subfield code="y">BK</subfield>
  </datafield>
  <datafield tag="952" ind1=" " ind2=" ">
   <subfield code="0">0</subfield>
   <subfield code="1">0</subfield>
   <subfield code="2">ddc</subfield>
   <subfield code="4">0</subfield>
   <subfield code="6">613_200000000000000_PH300</subfield>
   <subfield code="7">0</subfield>
   <subfield code="9">26823</subfield>
   <subfield code="a">000001</subfield>
   <subfield code="b">000001</subfield>
   <subfield code="d">2023-03-22</subfield>
   <subfield code="o">613.2 Ph300</subfield>
   <subfield code="p">MD.21127</subfield>
   <subfield code="r">2023-03-22</subfield>
   <subfield code="v">270000.00</subfield>
   <subfield code="w">2023-03-22</subfield>
   <subfield code="y">BK</subfield>
  </datafield>
  <datafield tag="952" ind1=" " ind2=" ">
   <subfield code="0">0</subfield>
   <subfield code="1">0</subfield>
   <subfield code="2">ddc</subfield>
   <subfield code="4">0</subfield>
   <subfield code="6">613_200000000000000_PH300</subfield>
   <subfield code="7">0</subfield>
   <subfield code="9">26824</subfield>
   <subfield code="a">000001</subfield>
   <subfield code="b">000001</subfield>
   <subfield code="d">2023-03-22</subfield>
   <subfield code="l">2</subfield>
   <subfield code="m">1</subfield>
   <subfield code="o">613.2 Ph300</subfield>
   <subfield code="p">MD.21128</subfield>
   <subfield code="r">2023-05-26</subfield>
   <subfield code="s">2023-05-06</subfield>
   <subfield code="v">270000.00</subfield>
   <subfield code="w">2023-03-22</subfield>
   <subfield code="y">BK</subfield>
  </datafield>
  <datafield tag="952" ind1=" " ind2=" ">
   <subfield code="0">0</subfield>
   <subfield code="1">0</subfield>
   <subfield code="2">ddc</subfield>
   <subfield code="4">0</subfield>
   <subfield code="6">613_200000000000000_PH300</subfield>
   <subfield code="7">0</subfield>
   <subfield code="9">26825</subfield>
   <subfield code="a">000001</subfield>
   <subfield code="b">000001</subfield>
   <subfield code="d">2023-03-22</subfield>
   <subfield code="l">1</subfield>
   <subfield code="o">613.2 Ph300</subfield>
   <subfield code="p">MD.21129</subfield>
   <subfield code="r">2023-04-15</subfield>
   <subfield code="s">2023-03-29</subfield>
   <subfield code="v">270000.00</subfield>
   <subfield code="w">2023-03-22</subfield>
   <subfield code="y">BK</subfield>
  </datafield>
  <datafield tag="980" ind1=" " ind2=" ">
   <subfield code="a">Thư viện Trường Đại học Nam Cần Thơ</subfield>
  </datafield>
 </record>
</collection>
